| 000 | 00786nam a2200241 a 4500 | ||
|---|---|---|---|
| 003 | AM-YeHGA | ||
| 040 | _aAM-YeHGA | ||
| 090 | _c503378 | ||
| 001 | 001007580 | ||
| 005 | 20250617163034.0 | ||
| 008 | 140318s1959 ru r 000 0 rus d | ||
| 041 | 0 | _arus | |
| 100 | 1 | _aФридлянд, Цви | |
| 245 | 1 | 0 |
_aЖан-Поль Марат и гражданская война XVIII в. / _cЦ. Фридлянд ; А.З. Манфред (отв. ред.). |
| 250 | _a2-е изд. | ||
| 260 |
_aМосква : _bАН СССР, _c1959. |
||
| 300 | _a558 с. | ||
| 600 | 1 | 0 |
_aМарат, Жан Поль _d1743-1793 |
| 650 | 1 | 4 |
_aИстория _zФранция |
| 700 | 1 |
_aМанфред, А.З _4edt |
|
| 710 | 2 | _aИнститут истории АН СССР | |
| 942 |
_2udc _cBK |
||
| 999 |
_c499967 _d499967 |
||